000 02533nam a2200385 i 4500
001 195976
003 ES-MaACL
005 20250903094533.0
008 240731s2024 sp | |||| 000 0 spa
015 _aMON24
017 _aM 35277-2032
_bOficina Depósito Legal Madrid
020 _a9788409565115
035 _a(SpMaBN)a7473727
040 _aSpMaBN
_bspa
_cSpMaBN
_erda
_dES-MaACL
100 1 _aSerrano García, Elena,
_d1963-
_eedt
_9237844
245 1 _aArchivo fotográfico Banco de España, 1874-2023 /
_cMaría de Inclán Sánchez, Elena Serrano García, Patricia Alonso del Torno (coordinadores)
264 1 _bBanco de España,
_c2024
300 _a496 páginas ;
_c30 cm
336 _aTexto
_2rdacontent
337 _asin mediación
_2rdamedia
338 _avolumen
_2rdacarrier
500 0 _aSerrano García, Elena, director de la publicación; Alonso, Patricia, director de la publicación
520 _aEl catálogo Archivo Fotográfico Banco de España, 1874-2023 en su doble versión papel y webAbre en nueva ventana, saca a la luz el resultado del trabajo de recuperación y catalogación que el Archivo Histórico del Banco de España ha hecho durante casi una década de su fondo fotográfico. El catálogo en ambas versiones, papel y web, contiene más de 500 fotografías realizadas por un elenco de más de 120 fotógrafos que recorren los últimos 150 años de historia del Banco de España y de nuestro país. Archivo Fotográfico Banco de España, 1874-2023 cuenta con un texto introductorio escrito por Elena Serrano García y Patricia Alonso del Torno. El libro se estructura en tres capítulos sobre arquitectura, retratos de empleados y actos públicos, que están encabezados por artículos de tres especialistas en las materias.
530 _aVersión digital disponible: https://coleccion.bde.es/f/webca/ADS/Publicaciones/ArchivoFotograficoBDE1874_2023.pdf
655 7 _aCatálogos de archivos
_2
_9236648
655 7 _2tgfbne
_aLibros ilustrados
_9193653
700 1 _aAlonso del Torno, Patricia
_9238711
_eaut
852 _aES-MaACL
_cDEPOJ
_jN-10142
_xEncuadernación rústica con solapas
_hDonación: Editorial
_9206273
856 _2https://coleccion.bde.es/f/webca/ADS/Publicaciones/ArchivoFotograficoBDE1874_2023.pdf
_yVersión digital en línea
942 _cMONOGRAFIA
_n0
999 _c195976
_d195976